| 000 | 00594nam a22001697a 4500 | ||
|---|---|---|---|
| 008 | 161003b xxu||||| |||| 00| 0 eng d | ||
| 020 | _a0072933038 | ||
| 050 | _aLA 217.2 .N65 2004 | ||
| 100 | _aedited by Noll, James Wm. | ||
| 245 |
_aTaking Sides: _bclashing views on controversial educationl issues/ _cJames Wm. Noll |
||
| 250 | _a12th ed. | ||
| 260 |
_aGuilford, Connecticut: _bMcGraw-Hill/Dushkin, _c2004 |
||
| 300 |
_axvi, 451p. : _bill. ; |
||
| 500 | _aIncludes references and index. | ||
| 650 |
_aEducation _zUnited States |
||
| 942 |
_2lcc _cBOOKS _hLA 217.2 .N65 2004 |
||
| 999 |
_c14470 _d14470 |
||